[Event "HEM  Kandidaten"]
[Site "HEM  Kandidaten"]
[Date "2024.05.21"]
[Round "4.1"]
[White "Piepenhagen, Eric"]
[Black "Sell, Eero"]
[Result "1/2-1/2"]
[WhiteElo "1914"]
[BlackElo "1843"]
[PlyCount "31"]
[GameId "2047727542444120"]
[EventDate "2024.??.??"]
[WhiteTeam "Niendorfer TSV 1919 SAbt"]
[BlackTeam "SchVgg Blankenese von 1923 e.V."]

{[%evp 0,31,19,29,71,80,62,63,87,84,75,74,90,50,57,49,43,58,51,46,46,28,36,20,45,37,51,18,12,-1,79,19,17,12]} 1. e4 d6 2. d4 Nf6 3. Nc3 g6 4. Nf3 Bg7 5. Bc4 c6 6. h3 O-O 7. O-O Nxe4 8. Nxe4 d5 9. Bd3 dxe4 10. Bxe4 Nd7 11. c3 Qc7 12. Re1 e5 13. dxe5 Nxe5 14. Bf4 Rd8 15. Qe2 Nxf3+ 16. Qxf3 1/2-1/2

[Event "HEM  Kandidaten"]
[Site "HEM  Kandidaten"]
[Date "2024.05.21"]
[Round "4.2"]
[White "Johanssen, Torsten"]
[Black "Becker, Thomas"]
[Result "0-1"]
[WhiteElo "1906"]
[BlackElo "1911"]
[PlyCount "80"]
[GameId "2047758943949095"]
[EventDate "2024.??.??"]
[WhiteTeam "SC Diogenes e.V."]
[BlackTeam "Volksdorfer SK 1948"]

{[%evp 0,52,19,-12,-27,-12,-21,-34,18,13,16,22,88,89,99,99,97,75,107,35,88,24,42,44,44,55,119,52,128,67,56,-11,18,-63,-41,-41,60,-26,-26,-155,-155,-155,-155,-207,-275,-338,-248,-344,-352,-371,-364,-391,-259,-259,-246]} 1. c4 e5 2. Nc3 Nf6 3. Nf3 e4 4. Ng5 b5 5. d3 exd3 6. cxb5 dxe2 7. Bxe2 Bb7 8. O-O Be7 9. Qb3 O-O 10. Bf4 h6 11. Nf3 d6 12. Nd4 Qd7 13. Rfd1 a6 14. Rac1 axb5 15. Ndxb5 Nc6 16. Nd5 Nxd5 17. Qxd5 Nd8 18. Qc4 Ne6 19. Bg4 Ba6 20. a4 c6 21. Bxe6 fxe6 22. Bxh6 cxb5 23. axb5 Bxb5 24. Qg4 Bf6 25. Bf4 e5 26. Qxd7 Bxd7 27. Rxd6 exf4 28. Rxd7 Bxb2 29. Rb1 Ra1 30. Rxa1 Bxa1 31. h4 Bf6 32. g3 Kh7 33. Kg2 Kg6 34. Rd5 fxg3 35. fxg3 Rd8 36. Rb5 Rd2+ 37. Kh3 Rd3 38. Kg2 Kf7 39. Ra5 Ke6 40. Rb5 Be5 0-1

[Event "HEM  Kandidaten"]
[Site "HEM  Kandidaten"]
[Date "2024.05.21"]
[Round "4.3"]
[White "Laucht, Philipp"]
[Black "Tietz, Bennit"]
[Result "0-1"]
[WhiteElo "1801"]
[BlackElo "1896"]
[PlyCount "42"]
[GameId "2047758400463133"]
[EventDate "2024.??.??"]
[WhiteTeam "SK Johanneum Eppendorf"]
[BlackTeam "Hamburger SK von 1830 eV"]

{[%evp 0,31,26,18,27,-18,19,21,21,17,21,-12,-12,-40,14,-7,39,4,5,2,-11,-9,-5,-45,-34,6,16,-81,-65,-65,-64,-76,-107,-92]} 1. Nf3 Nf6 2. g3 g6 3. Bg2 Bg7 4. O-O O-O 5. d3 d5 6. Nbd2 c6 7. e4 e5 8. c3 Nbd7 9. Re1 Re8 10. Qc2 Nc5 11. b4 dxe4 12. dxe4 Qd3 13. Qxd3 Nxd3 14. Re3 Rd8 15. Bf1 Nxc1 16. Rxc1 Bh6 17. Rd3 Bg4 18. Rc2 Nxe4 19. Nxe5 Bd1 20. Rc1 Ba4 21. f4 Nxd2 0-1

[Event "HEM  Kandidaten"]
[Site "HEM  Kandidaten"]
[Date "2024.05.21"]
[Round "4.4"]
[White "Ruider, Thomas"]
[Black "Schiller, Thomas"]
[Result "0-1"]
[WhiteElo "1846"]
[BlackElo "1852"]
[PlyCount "76"]
[GameId "2047753677639936"]
[EventDate "2024.??.??"]
[WhiteTeam "SF Sasel 1947"]
[BlackTeam "SK Johanneum Eppendorf"]

{[%evp 0,26,27,23,13,13,26,26,19,-12,2,-9,19,-24,-20,-15,-2,-10,12,18,67,48,52,46,49,49,68,24,44]} 1. d4 d5 2. Bf4 Nc6 3. Nf3 Bg4 4. c4 e6 5. e3 Bd6 6. Bg3 Nge7 7. Nbd2 a6 8. a3 Bxg3 9. hxg3 Ng6 10. cxd5 exd5 11. Qc2 Qd7 12. Bd3 Nce7 13. b4 c6 14. Nb3 Bf5 15. Nc5 Bxd3 16. Qxd3 Qc8 17. Rc1 h6 18. a4 O-O 19. a5 Re8 20. O-O Rb8 21. Na4 Nf5 22. Nb6 Qe6 23. Ne5 Nf8 24. Qc2 Nd6 25. Nd3 Ne4 26. Nc5 Nxc5 27. bxc5 Nd7 28. Rb1 h5 29. Rb2 Re7 30. Rfb1 Nf6 31. Na4 g5 32. Rb6 h4 33. Rxa6 hxg3 34. Rab6 Ng4 35. Qe2 gxf2+ 36. Kf1 Nxe3+ 37. Kxf2 Ng4+ 38. Qxg4 Qxg4 0-1

[Event "HEM  Kandidaten"]
[Site "HEM  Kandidaten"]
[Date "2024.05.21"]
[Round "4.5"]
[White "Emami, Madjid"]
[Black "Atri, Jamshid"]
[Result "1-0"]
[WhiteElo "1937"]
[BlackElo "1991"]
[PlyCount "57"]
[GameId "2047752142049529"]
[EventDate "2024.??.??"]
[WhiteTeam "Hamburger SK von 1830 eV"]
[BlackTeam "Hamburger SK von 1830 eV"]

{[%evp 0,26,23,27,22,-26,29,44,44,39,34,40,22,23,22,-6,-13,-11,26,-3,100,49,87,66,52,105,188,188,62]} 1. Nf3 Nf6 2. g3 b5 3. Bg2 Bb7 4. O-O e6 5. d3 d5 6. Nbd2 c5 7. Ne5 Qc7 8. f4 Bd6 9. Ndf3 Ng8 10. e4 f6 11. exd5 exd5 12. Ng5 fxe5 13. fxe5 Bxe5 14. Rf8+ Kxf8 15. Ne6+ Ke7 16. Nxc7 Bxc7 17. Qg4 Be5 18. Bg5+ Nf6 19. Re1 Nbd7 20. Bh3 Kf8 21. Qf3 Bd4+ 22. Kg2 Ne5 23. Qf4 Nf7 24. Bxf6 gxf6 25. Qc7 Nd8 26. Qe7+ Kg8 27. Qe8+ Kg7 28. Re7+ Kh6 29. Qxh8 1-0

[Event "HEM  Kandidaten"]
[Site "HEM  Kandidaten"]
[Date "2024.05.21"]
[Round "4.6"]
[White "Becker-Bertau, Friedrich"]
[Black "Quitzau, Lukas"]
[Result "1-0"]
[WhiteElo "1932"]
[BlackElo "1827"]
[PlyCount "59"]
[GameId "2047737499488366"]
[EventDate "2024.??.??"]
[WhiteTeam "Langenhorner SF 1928"]
[BlackTeam "Barmbeker SK 1926 eV"]

{[%evp 0,33,27,7,36,53,86,34,16,-14,6,10,10,1,6,9,12,22,14,23,38,-28,17,-19,2,-24,-19,-20,-26,-38,-24,-25,-19,-27,-28,-28]} 1. e4 c5 2. Nf3 d6 3. c4 Nc6 4. d4 cxd4 5. Nxd4 Nf6 6. Nxc6 bxc6 7. Nc3 g6 8. Be2 Bg7 9. O-O h5 10. h4 Be6 11. Qc2 Qa5 12. Bd2 Qe5 13. g3 Bh3 14. Bf4 Qe6 15. Rfd1 Nd7 16. Rd2 O-O 17. f3 a5 18. Rad1 Nc5 19. Na4 f5 20. Rxd6 exd6 21. Rxd6 Qe8 22. Nxc5 fxe4 23. Nxe4 Rd8 24. c5 Bd4+ 25. Kh2 Bf5 26. Qc4+ Kh7 27. Qxd4 Rxd6 28. Bxd6 Bxe4 29. Bxf8 Qxf8 30. fxe4 1-0

[Event "HEM  Kandidaten"]
[Site "HEM  Kandidaten"]
[Date "2024.05.21"]
[Round "4.7"]
[White "Schwarzman, Isja"]
[Black "Haack, Stefan"]
[Result "1-0"]
[WhiteElo "1875"]
[BlackElo "1793"]
[Annotator "hugo5"]
[PlyCount "87"]
[GameId "2047755416117518"]
[EventDate "2024.??.??"]
[WhiteTeam "Hamburger SK von 1830 eV"]
[BlackTeam "SC Diogenes e.V."]

{[%evp 0,57,16,28,25,18,24,-30,12,-31,-42,-39,-26,-20,-15,2,-33,-25,-23,-37,-27,-27,-32,-21,-2,-15,-5,-5,29,37,34,45,-47,31,61,-12,0,-3,-13,-95,-96,-78,-80,-222,313,-5,468,56,30,0,64,67,105,34,64,67,61,0,0,-4]} 1. e4 e5 2. Nf3 Nc6 3. d4 exd4 4. Bc4 Nf6 5. e5 d5 6. Bb5 Ne4 7. Nxd4 Bd7 8. Bxc6 bxc6 9. O-O Bc5 10. f3 Ng5 11. Nc3 Bb6 12. f4 Ne6 13. Be3 c5 14. Nxe6 fxe6 15. f5 O-O 16. f6 Qe8 17. Qg4 Qg6 18. Qxg6 hxg6 19. Bg5 c4+ 20. Kh1 Bd4 21. Rae1 Rf7 22. Rf4 Bc5 23. Ref1 Be3 24. Rg4 Bxg5 25. Rxg5 gxf6 26. Rxg6+ Kh7 27. Rgxf6 Rxf6 28. Rxf6 Kg7 29. h4 Rh8 30. g3 Rh5 31. Kg2 Rxe5 32. Rf5 Re1 33. Rf2 c5 34. Ne2 d4 35. Kf3 Bc6+ 36. Kg4 Ra1 37. Nf4 Bd7 38. Kg5 Bc8 39. Nh5+ Kh7 40. Rf7+ Kg8 41. Rc7 Ba6 42. Nf6+ Kf8 43. Kg6 Rf1 44. Rf7# 1-0

[Event "HEM  Kandidaten"]
[Site "HEM  Kandidaten"]
[Date "2024.05.21"]
[Round "4.8"]
[White "Srinath, Manish"]
[Black "Schacht, David"]
[Result "0-1"]
[WhiteElo "1729"]
[BlackElo "1770"]
[PlyCount "60"]
[GameId "2047741584843537"]
[EventDate "2024.??.??"]
[WhiteTeam "Hamburger SK von 1830 eV"]
[BlackTeam "SchVgg Blankenese von 1923 e.V."]

{[%evp 0,60,19,31,76,64,75,72,72,63,64,65,45,49,43,19,8,8,52,41,10,-33,-20,-58,-12,-67,-74,-78,-90,-60,-88,-101,-107,-100,-83,-93,-106,-106,-82,-84,-54,-76,-84,-90,-75,-160,-64,-180,-86,-61,-24,-12,-48,-48,-18,-438,-421,-421,-421,-422,-421,-423,-448]} 1. e4 d6 2. d4 Nd7 3. Nc3 Ngf6 4. Nf3 e5 5. dxe5 dxe5 6. Bc4 Bb4 7. Bg5 Bxc3+ 8. bxc3 Qe7 9. O-O O-O 10. Bb3 Nc5 11. Qe2 Bg4 12. Rad1 h6 13. Bxf6 Qxf6 14. Rd5 b6 15. h3 c6 16. Rdd1 Bh5 17. g4 Bg6 18. Nd2 Rad8 19. f3 Rd7 20. Nc4 Rxd1 21. Rxd1 Ne6 22. Rd6 Nf4 23. Qh2 Qh4 24. Kf1 Qe7 25. Rxc6 Rd8 26. Ne3 Qa3 27. Nd5 Qc1+ 28. Kf2 Qd2+ 29. Kg3 Ne2+ 30. Kg2 Nd4+ 0-1

[Event "HEM  Kandidaten"]
[Site "HEM  Kandidaten"]
[Date "2024.05.21"]
[Round "4.9"]
[White "Malchereck, Romeo"]
[Black "Meyer, Winfried"]
[Result "1-0"]
[WhiteElo "1774"]
[BlackElo "1777"]
[PlyCount "69"]
[GameId "2047743448014912"]
[EventDate "2024.??.??"]
[WhiteTeam "Hamburger SK von 1830 eV"]
[BlackTeam "Langenhorner SF 1928"]

{[%evp 0,67,23,37,53,53,51,35,35,7,76,23,23,36,35,14,34,34,23,17,22,22,38,46,61,47,56,38,39,26,50,42,34,33,46,24,26,34,23,23,15,24,95,98,98,31,35,29,31,63,60,22,49,12,120,112,145,188,169,191,267,297,297,305,324,287,283,194,192,186]} 1. e4 c5 2. Nf3 Nc6 3. d4 cxd4 4. Nxd4 g6 5. c4 Bg7 6. Be3 Nf6 7. Nc3 d6 8. f3 O-O 9. Be2 Bd7 10. O-O Nxd4 11. Bxd4 Bc6 12. b4 Ne8 13. Bxg7 Nxg7 14. b5 Qb6+ 15. Kh1 Bd7 16. Nd5 Qd8 17. Qd2 Ne6 18. f4 Nc5 19. Nc3 f5 20. e5 dxe5 21. Qd5+ Ne6 22. Qxe5 Qc7 23. Qxc7 Nxc7 24. Bf3 Be6 25. Rfe1 Rad8 26. c5 Kf7 27. Bxb7 Rd4 28. b6 axb6 29. cxb6 Rb8 30. bxc7 Rxb7 31. Rxe6 Rc4 32. Re3 Rbxc7 33. Rc1 Rxf4 34. Rce1 e5 35. Nd5 1-0